Wykluczanie według kategorii - flagi państw #2 - Statystyki

Ogólne statystyki
  • Ten quiz został rozwiązany 5 143 razy
  • Średni wynik to 13 z 20
Statystyki odpowiedzi
Grupa # Kategoria % Poprawnych
Zielona 133 Flagi państwowe bez czarnego
100%
Zielona 34 ... które nie zawierają białego
94%
Pomarańczowa 153 Flagi państwowe z czerwonym
86%
Pomarańczowa 71 ... które zawierają niebieski
85%
Pomarańczowa 19 ... które są w Europie
84%
Niebieska 104 Flagi państwowe z niebieskim
84%
Fioletowa 71 Państwa posiadające czerwony i niebieski
80%
Niebieska 33 ... które nie zawierają czerwonego
79%
Fioletowa 58 ... które zawierają biały
78%
Zielona 11 ... które nie mają dostępu do morza
77%
Fioletowa 45 ... którego nazwa państwa składa się z tylko jednego słowa
77%
Niebieska 10 ... które są przynajmniej w 70% niebieskie
61%
Fioletowa 3 ... które mają na sobie Union Jack
57%
Pomarańczowa 4 ... które zawierają zielony
54%
Zielona 5 ... które zawierają zielony
42%
Niebieska 4 ... które ma gwiazdę pięcioramienną
41%
Pomarańczowa 1 ... które mają więcej niż 30% zielonego Portugalia
40%
Fioletowa 1 ... które nie ma gwiazd Fidżi
35%
Niebieska 1 ... które jest w Afryce Somalia
35%
Zielona 1 ... które nie zawierają czerwonego Rwanda
10%
Nie znaleziono quizów pasujących do podanych kryteriów
Rozkład punktacji
Procent ludzi z każdym wynikiem
Percentyl według liczby udzielonych odpowiedzi
Twoja historia wyników
Nie rozwiązałeś tego quizu